| 000 | 00940nam a2200301 4500 | ||
|---|---|---|---|
| 999 |
_c9809 _d9809 |
||
| 001 | 9809 | ||
| 003 | BD-JhCC | ||
| 005 | 20180401102646.0 | ||
| 008 | 730302s1973 maua b 001 0 eng | ||
| 020 | _a0395138329 | ||
| 035 | _a(BD-JhCC)9809 | ||
| 040 |
_aDLC _cDLC _dDLC |
||
| 041 | _aeng | ||
| 050 | 0 | 0 |
_aQE26.2 _b.I57 1973 |
| 082 | 0 | 0 |
_a550 _bEAR 1972 |
| 245 | 0 | 0 |
_aInvestigating the earth _c[by] Miles F. Harris [and others] |
| 250 | _aRev. ed. | ||
| 260 |
_aBoston, _bHoughton Mifflin _c[1973] |
||
| 300 |
_axiii, 529 p. _billus. _c24 cm. |
||
| 500 | _a"Sponsored by the American Geological Institute and based on the original Earth Science Curriculum Project." | ||
| 504 | _aIncludes bibliographies. | ||
| 650 | 0 | _aEarth sciences. | |
| 700 | 1 | _aHarris, Miles F. | |
| 710 | 2 | _aAmerican Geological Institute. | |
| 710 | 2 |
_aEarth Science Curriculum Project. _tInvestigating the earth. |
|
| 942 |
_2ddc _cBK |
||